000
00325nam a22001457a 4500
008
230614b ||||| |||| 00| 0 eng d
020
_a
9780735621312
041
_a
eng
080
_2
2005 EDITION
_a
004
082
_a
004HAL
100
_a
18
101
_a
SKI
245
_a
VISUAL BASIC 2005
_c
HALVORSON.M
942
_2
udc
_c
BK
999
_c
59976
_d
59976